Le capital Το κεφάλαιο
Ο Μαρκ Τουρνέιγ είναι ένας ευτυχισμένος οικογενειάρχης. Η καριέρα του απογειώνεται όταν αναλαμβάνει τη διεύθυνση σε μια από τις πιο ισχυρές τραπεζικές μονάδες της Ευρώπης. Το γεγονός αυτό τον τοποθετεί αυτόματα στο επίκεντρο των γεγονότων του διεθνούς χρηματοτραπεζικού συστήματος. Εκεί καλείται να π...
Αποθηκεύτηκε σε:
| Άλλοι συγγραφείς: | , , , , , , , , |
|---|---|
| Μορφή: | |
| Γλώσσα: | French Greek |
| Δημοσίευση: |
[S.l.] :
KG Productions : ODEON [εταιρεία διανομής],
c2012.
|
| Θέματα: | |
| Ετικέτες: |
Προσθήκη ετικέτας
Δεν υπάρχουν, Καταχωρήστε ετικέτα πρώτοι!
|
MARC
| LEADER | 00000cgm a2200000 i 4500 | ||
|---|---|---|---|
| 001 | 1/48682 | ||
| 008 | 140604s2012 xx ||| | || ||fre|| | ||
| 035 | |l 10117869 | ||
| 040 | |a GR-MyUa |b gre |e AACR2 | ||
| 041 | 0 | |a fre |j gre | |
| 082 | 7 | |a 791.437 |2 (22) | |
| 245 | 0 | 3 | |a Le capital |h [μαγνητοσκόπηση] = |b Το κεφάλαιο / |c του Κώστα Γαβρά. |
| 246 | 1 | |i Παράλληλος τίτλος: |a Το κεφάλαιο | |
| 260 | |a [S.l.] : |b KG Productions : |b ODEON [εταιρεία διανομής], |c c2012. | ||
| 300 | |a 1 βιντεοδίσκος (114 λεπτ.) : |b ομίλ., έγχρ. ; |c 4 3/4 ίν. | ||
| 500 | |a Κυκλοφόρησε πρώτη φορά ως κινηματογραφική ταινία το 2012. | ||
| 508 | |a Εκτέλεση παραγωγής, Florence Masset ; μουσική, Armand Amar ; μοντάζ, Yannick Kergoat & Yorgos Lamprinos ; βασισμένη στο ομότιτλο βιβλίο του Στεφάν Οσμόν ; σενάριο, Κώστας Γαβράς, Ζαν-Κλόντ Γκρούμπεργκ, Καρίμ Μπουκέρσα. | ||
| 511 | 0 | |a Γκαντ Ελμαλέ, Γκαμπριέλ Μπερν, Νατάσα Ρενιέ, Σελίν Σαλέτ, Λία Κεμπεντέ, Ιπολίτ Ζιραρντό, Ντανιέλ Μεσγκίς, Όλγκα Γκρούμπεργκ, Μπέρναρ Λε Κοκ. | |
| 520 | 8 | |a Ο Μαρκ Τουρνέιγ είναι ένας ευτυχισμένος οικογενειάρχης. Η καριέρα του απογειώνεται όταν αναλαμβάνει τη διεύθυνση σε μια από τις πιο ισχυρές τραπεζικές μονάδες της Ευρώπης. Το γεγονός αυτό τον τοποθετεί αυτόματα στο επίκεντρο των γεγονότων του διεθνούς χρηματοτραπεζικού συστήματος. Εκεί καλείται να παλέψει και να βγει νικητής σε μία αρένα όπου οι κανόνες αλλάζουν ανάλογα με τους δείκτες των χρηματιστηρίων. Ο φιλόδοξος Μαρκ θα ανέλθει με την ίδια ευκολία και στα σαλόνια μιας μοντέρνας αριστοκρατίας, τα εύσημα της οποίας είναι η οικονομική κυριαρχία και η εξουσία. Σε ένα σύστημα που καταρρέει, ένας άνθρωπος θα προσπαθήσει να αναρριχηθεί. | |
| 521 | 8 | |a Ακατάλληλο κάτω των 12 ετών. | |
| 546 | |a Στα γαλλικά με υπότιτλους στα ελληνικά. | ||
| 650 | 0 | |a Bankers |v Drama. | |
| 655 | 7 | |a Feature films |2 lcgft | |
| 700 | 1 | |a Γαβράς, Κώστας, |e drt | |
| 700 | 1 | |a Elmaleh, Gad, |e act | |
| 700 | 1 | |a Byrne, Gabriel, |d 1950- |e act | |
| 700 | 1 | |a Régnier, Natacha, |d 1974- |e act | |
| 700 | 1 | |a Sallette, Céline, |e act | |
| 700 | 1 | |a Kebede, Liya, |d 1978- |e act | |
| 700 | 1 | |a Girardot, Hippolyte, |d 1955- |e act | |
| 700 | 1 | |a Mesguich , Daniel, |d 1952- |e act | |
| 700 | 1 | |a Le Coq, Bernard, |e act | |
| 852 | |a INST |b SYROS |c AV |e 20140604 |h 791.437 ΓΑΒ |p 005500011447 |q 005500011447 |t DVD |y 23 | ||
| 901 | |a BIBL5-2014-2 | ||
| 922 | |a 5ΕΛΗ |b 201311 |c Βιβλιοθήκη Σύρου |d Videorama | ||
| 970 | |a Κοντού |b Παρασκευή |z 04/06/2014 | ||